|
|
|
|
| LEADER |
01060nam a2200241 a 4500 |
| 001 |
c000018372 |
| 003 |
CARM |
| 005 |
00000000000000.0 |
| 008 |
s1968 dcu 10000 eng d |
| 019 |
1 |
|
|a 7610418
|z 8756822
|5 LACONCORD2021
|
| 035 |
|
|
|a (OCoLC)592636
|5 LACONCORD2021
|
| 040 |
|
|
|a VU
|c VU
|
| 043 |
|
|
|a n-us---
|
| 111 |
2 |
0 |
|a National Conference on School Finance
|n (11th :
|d 1968 :
|c Dallas, Tex.)
|
| 245 |
1 |
0 |
|a Interdependence in school finance :
|b the city, the state, the nation : proceedings.
|
| 260 |
|
|
|a Washington, D.C. :
|b Committee on Educational Finance, National Education Association,
|c 1968.
|
| 300 |
|
|
|a 243 p.
|
| 650 |
|
0 |
|a Education
|z United States
|x Finance
|x Congresses.
|
| 710 |
2 |
0 |
|a National Education Association of the United States.
|b Committee on Educational Finance.
|
| 852 |
8 |
|
|b CARM
|h A2:AH38B0
|i B03774
|p 0181659
|f BK
|
| 082 |
0 |
4 |
|a 379.10973
|2 20
|
| 999 |
f |
f |
|i 9c971559-1149-56ee-b673-8ee2fb5e99b3
|s 4fc7a4e3-4c43-52d2-a15d-5853840a15d1
|
| 952 |
f |
f |
|p Can circulate
|a CAVAL
|b CAVAL
|c CAVAL
|d CARM 1 Store
|e B03774
|f A2:AH38B0
|h Other scheme
|i book
|m 0181659
|